Estadísticas para Países del Boxeo

Haz click aquí para intentar la prueba.

Estadísticas generales

  • Esta prueba ha sido intentada 989 veces
  • La puntuación promedio es 8 de 12

Estadísticas de respuestas

# de BoxeadoresPaís% Correcto
37Estados Unidos
100%
22México
95%
7Rusia
88%
22Reino Unido
82%
18Japón
75%
5Alemania
74%
5Cuba
60%
8Filipinas
53%
5Ucrania
50%
5Tailandia
39%
5Sudáfrica
36%
5Panamá
25%

Distribución de puntuación

Porcentaje por número respondido

Porcentaje de gente con cada puntuación

Historial de tus puntuaciones

No has intentado esta prueba.